000 00629nam a22002057a 4500
003 KOHA_MİRAKIL
005 20260330111231.0
008 260330b tu ||||| |||| 00| 0 tur d
020 _a9786058664555
040 _aTR-AnABB
_btur
_cTR-AnABB
041 _atur
082 _a574.5
_bKAR 2014
100 1 _aKaradağ, Metin
245 1 0 _aObruk :
_bgelecek gelmeyecek /
_cMetin Karadağ
246 _aCennete kazılmış tüneller ve cehennemi kovmak
260 _aİstanbul :
_bMimarlık Vakfı İktisadi İşletmesi,
_c2014
300 _a90 sayfa ;
_c22 cm
650 0 4 _aİklim değişikliği
942 _2ddc
_cBK
999 _c10079
_d10079
900 _bCan ÇELIK